<?xml version="1.0" encoding="UTF-8"?>
<collection xmlns="http://www.loc.gov/MARC21/slim">
 <record>
  <leader>00775nam a22002175a 4500</leader>
  <controlfield tag="001">EHU.bham041082</controlfield>
  <controlfield tag="008">130507s2005##################000#0#####d</controlfield>
  <controlfield tag="005">20240524084340.0</controlfield>
  <datafield tag="245" ind1="1" ind2="0">
   <subfield code="a">El mar y la serpiente /</subfield>
   <subfield code="c">Paula Bombara ; fotografía de cubierta de Andrea Fasani.</subfield>
  </datafield>
  <datafield tag="260" ind1=" " ind2=" ">
   <subfield code="a">Buenos Aires :</subfield>
   <subfield code="b">Norma,</subfield>
   <subfield code="c">2005</subfield>
  </datafield>
  <datafield tag="300" ind1=" " ind2=" ">
   <subfield code="a">105 p.</subfield>
  </datafield>
  <datafield tag="020" ind1=" " ind2=" ">
   <subfield code="a">9789875452114</subfield>
  </datafield>
  <datafield tag="100" ind1="1" ind2=" ">
   <subfield code="a">Bombara, Paula</subfield>
  </datafield>
  <datafield tag="082" ind1="A" ind2="8">
   <subfield code="a">A863.5 B639</subfield>
  </datafield>
  <datafield tag="653" ind1=" " ind2=" ">
   <subfield code="a">Narrativa argentina-2000-</subfield>
  </datafield>
  <datafield tag="653" ind1=" " ind2=" ">
   <subfield code="a">Literatura argentina-2000-</subfield>
  </datafield>
  <datafield tag="653" ind1=" " ind2=" ">
   <subfield code="a">Argentina-desaparecidos</subfield>
  </datafield>
  <datafield tag="653" ind1=" " ind2=" ">
   <subfield code="a">Dictadura argentina</subfield>
  </datafield>
  <datafield tag="653" ind1=" " ind2=" ">
   <subfield code="a">Historia argentina-1976-1983</subfield>
  </datafield>
  <datafield tag="859" ind1=" " ind2=" ">
   <subfield code="a">AR-BHAM</subfield>
   <subfield code="b">BIB. HUMANIDADES - Derechos Humanos</subfield>
   <subfield code="h">A863.5</subfield>
   <subfield code="i">B639</subfield>
   <subfield code="k">A</subfield>
   <subfield code="p">66.11</subfield>
   <subfield code="t">Ej.1</subfield>
   <subfield code="v">DH</subfield>
  </datafield>
  <datafield tag="859" ind1=" " ind2=" ">
   <subfield code="a">AR-BHAM</subfield>
   <subfield code="b">BIB. HUMANIDADES - General</subfield>
   <subfield code="h">A863.5</subfield>
   <subfield code="i">B639</subfield>
   <subfield code="k">A</subfield>
   <subfield code="p">275.24</subfield>
   <subfield code="t">Ej.2</subfield>
  </datafield>
 </record>
</collection>
